<?xml version="1.0" encoding="UTF-8"?>
<record
    xmlns:xsi="http://www.w3.org/2001/XMLSchema-instance"
    xsi:schemaLocation="http://www.loc.gov/MARC21/slim http://www.loc.gov/standards/marcxml/schema/MARC21slim.xsd"
    xmlns="http://www.loc.gov/MARC21/slim">

  <leader>01873nam2a2200253   4500</leader>
  <controlfield tag="001">RU\NLR\BIBL_A\022786122</controlfield>
  <controlfield tag="005">20260416113742.0</controlfield>
  <datafield tag="035" ind1=" " ind2=" ">
    <subfield code="a">(NLR Aleph) 022786122</subfield>
  </datafield>
  <datafield tag="090" ind1=" " ind2=" ">
    <subfield code="a">13690552</subfield>
    <subfield code="c">13690552</subfield>
  </datafield>
  <datafield tag="100" ind1=" " ind2=" ">
    <subfield code="a">20041126d1981    u  y0rusy50      ca</subfield>
  </datafield>
  <datafield tag="101" ind1="0" ind2=" ">
    <subfield code="a">rus</subfield>
  </datafield>
  <datafield tag="102" ind1=" " ind2=" ">
    <subfield code="a">RU</subfield>
  </datafield>
  <datafield tag="105" ind1=" " ind2=" ">
    <subfield code="a">y   ac  000yy</subfield>
  </datafield>
  <datafield tag="200" ind1="0" ind2=" ">
    <subfield code="a">... &#x437;&#x430; 1985-1988 &#x433;.</subfield>
    <subfield code="e">&#x440;&#x435;&#x442;&#x440;&#x43E;&#x441;&#x43F;&#x435;&#x43A;&#x442;&#x438;&#x432;&#x43D;&#x44B;&#x439; &#x443;&#x43A;&#x430;&#x437;&#x430;&#x442;&#x435;&#x43B;&#x44C; &#x43E;&#x442;&#x435;&#x447;&#x435;&#x441;&#x442;&#x432;&#x435;&#x43D;&#x43D;&#x43E;&#x439; &#x438; &#x437;&#x430;&#x440;&#x443;&#x431;&#x435;&#x436;&#x43D;&#x43E;&#x439; &#x43B;&#x438;&#x442;&#x435;&#x440;&#x430;&#x442;&#x443;&#x440;&#x44B; ...</subfield>
    <subfield code="f">&#x41C;&#x438;&#x43D;&#x438;&#x441;&#x442;&#x435;&#x440;&#x441;&#x442;&#x432;&#x43E; &#x43B;&#x435;&#x441;&#x43D;&#x43E;&#x439; &#x43F;&#x440;&#x43E;&#x43C;&#x44B;&#x448;&#x43B;&#x435;&#x43D;&#x43D;&#x43E;&#x441;&#x442;&#x438; &#x421;&#x421;&#x421;&#x420;, ...</subfield>
    <subfield code="g">&#x441;&#x43E;&#x441;&#x442;&#x430;&#x432;&#x438;&#x442;&#x435;&#x43B;&#x44C; &#x410;. &#x42F;. &#x41A;&#x430;&#x43C;&#x435;&#x43D;&#x441;&#x43A;&#x430;&#x44F;</subfield>
  </datafield>
  <datafield tag="210" ind1=" " ind2=" ">
    <subfield code="d">1981</subfield>
  </datafield>
  <datafield tag="215" ind1=" " ind2=" ">
    <subfield code="a">38, [1] &#x441;.</subfield>
  </datafield>
  <datafield tag="225" ind1="1" ind2=" ">
    <subfield code="a">&#x411;&#x438;&#x431;&#x43B;&#x438;&#x43E;&#x433;&#x440;&#x430;&#x444;&#x438;&#x447;&#x435;&#x441;&#x43A;&#x430;&#x44F; &#x438;&#x43D;&#x444;&#x43E;&#x440;&#x43C;&#x430;&#x446;&#x438;&#x44F;</subfield>
  </datafield>
  <datafield tag="461" ind1=" " ind2="0">
    <subfield code="1">001rc\1125955</subfield>
    <subfield code="1">2001#$a&#x41F;&#x440;&#x43E;&#x438;&#x437;&#x432;&#x43E;&#x434;&#x441;&#x442;&#x432;&#x43E; &#x431;&#x443;&#x43C;&#x430;&#x436;&#x43D;&#x43E;&#x439; &#x438; &#x43A;&#x430;&#x440;&#x442;&#x43E;&#x43D;&#x43D;&#x43E;&#x439; &#x442;&#x430;&#x440;&#x44B;$e&#x411;&#x438;&#x431;&#x43B;&#x438;&#x43E;&#x433;&#x440;. &#x443;&#x43A;&#x430;&#x437;. &#x43E;&#x442;&#x435;&#x447;. &#x438; &#x438;&#x43D;&#x43E;&#x441;&#x442;&#x440;. &#x43B;&#x438;&#x442;. ...$f&#x412;&#x441;&#x435;&#x441;&#x43E;&#x44E;&#x437;. &#x43D;.-&#x438;. &#x438; &#x43F;&#x440;&#x43E;&#x435;&#x43A;&#x442;. &#x438;&#x43D;-&#x442; &#x44D;&#x43A;&#x43E;&#x43D;&#x43E;&#x43C;&#x438;&#x43A;&#x438; &#x43E;&#x440;&#x433;. &#x443;&#x43F;&#x440;. &#x43F;&#x440;-&#x432;&#x43E;&#x43C; &#x438; &#x438;&#x43D;&#x444;&#x43E;&#x440;&#x43C;. &#x43F;&#x43E; &#x43B;&#x435;&#x441;&#x43D;., &#x446;&#x435;&#x43B;&#x43B;&#x44E;&#x43B;&#x43E;&#x437;.-&#x431;&#x443;&#x43C;. &#x438; &#x434;&#x435;&#x440;&#x435;&#x432;&#x43E;&#x43E;&#x431;&#x440;&#x430;&#x431;. &#x43F;&#x440;&#x43E;&#x43C;-&#x441;&#x442;&#x438;. &#x426;&#x435;&#x43D;&#x442;&#x440; &#x43D;&#x430;&#x443;&#x447;.-&#x442;&#x435;&#x445;&#x43D;. &#x431;-&#x43A;&#x430; &#x43B;&#x435;&#x441;&#x43D;. &#x438; &#x431;&#x443;&#x43C;. &#x43F;&#x440;&#x43E;&#x43C;-&#x441;&#x442;&#x438;$v... &#x437;&#x430; 1985-1988 &#x433;.</subfield>
    <subfield code="9">5067833</subfield>
    <subfield code="c">&#x41C;.</subfield>
    <subfield code="d">1981</subfield>
    <subfield code="f">&#x412;&#x441;&#x435;&#x441;&#x43E;&#x44E;&#x437;. &#x43D;.-&#x438;. &#x438; &#x43F;&#x440;&#x43E;&#x435;&#x43A;&#x442;. &#x438;&#x43D;-&#x442; &#x44D;&#x43A;&#x43E;&#x43D;&#x43E;&#x43C;&#x438;&#x43A;&#x438;, &#x43E;&#x440;&#x433;. &#x443;&#x43F;&#x440;. &#x43F;&#x440;-&#x432;&#x43E;&#x43C; &#x438; &#x438;&#x43D;&#x444;&#x43E;&#x440;&#x43C;. &#x43F;&#x43E; &#x43B;&#x435;&#x441;&#x43D;., &#x446;&#x435;&#x43B;&#x43B;&#x44E;&#x43B;&#x43E;&#x437;.-&#x431;&#x443;&#x43C;. &#x438; &#x434;&#x435;&#x440;&#x435;&#x432;&#x43E;&#x43E;&#x431;&#x440;&#x430;&#x431;. &#x43F;&#x440;&#x43E;&#x43C;-&#x441;&#x442;&#x438;. &#x426;&#x435;&#x43D;&#x442;&#x440; &#x43D;&#x430;&#x443;&#x447;.-&#x442;&#x435;&#x445;&#x43D;. &#x431;-&#x43A;&#x430; &#x43B;&#x435;&#x441;&#x43D;. &#x438; &#x431;&#x443;&#x43C;. &#x43F;&#x440;&#x43E;&#x43C;-&#x441;&#x442;&#x438;</subfield>
    <subfield code="n">&#x412;&#x41D;&#x418;&#x41F;&#x418;&#x42D;&#x418;&#x43B;&#x435;&#x441;&#x43F;&#x440;&#x43E;&#x43C;</subfield>
    <subfield code="o">&#x411;&#x438;&#x431;&#x43B;&#x438;&#x43E;&#x433;&#x440;. &#x443;&#x43A;&#x430;&#x437;. &#x43E;&#x442;&#x435;&#x447;. &#x438; &#x438;&#x43D;&#x43E;&#x441;&#x442;&#x440;. &#x43B;&#x438;&#x442;. ...</subfield>
    <subfield code="t">&#x41F;&#x440;&#x43E;&#x438;&#x437;&#x432;&#x43E;&#x434;&#x441;&#x442;&#x432;&#x43E; &#x431;&#x443;&#x43C;&#x430;&#x436;&#x43D;&#x43E;&#x439; &#x438; &#x43A;&#x430;&#x440;&#x442;&#x43E;&#x43D;&#x43D;&#x43E;&#x439; &#x442;&#x430;&#x440;&#x44B;</subfield>
    <subfield code="v">... &#x437;&#x430; 1985-1988 &#x433;.</subfield>
  </datafield>
  <datafield tag="702" ind1=" " ind2="1">
    <subfield code="a">&#x41A;&#x430;&#x43C;&#x435;&#x43D;&#x441;&#x43A;&#x430;&#x44F;</subfield>
    <subfield code="b">&#x410;. &#x42F;.</subfield>
    <subfield code="4">220</subfield>
  </datafield>
  <datafield tag="852" ind1=" " ind2=" ">
    <subfield code="a">NLR</subfield>
    <subfield code="b">&#x421;</subfield>
    <subfield code="j">&#x41A;-2/1046</subfield>
  </datafield>
  <datafield tag="942" ind1=" " ind2=" ">
    <subfield code="c">BOOK</subfield>
  </datafield>
  <datafield tag="980" ind1=" " ind2=" ">
    <subfield code="a">NB</subfield>
  </datafield>
</record>
